书目信息 |
| 题名: |
实用无污染垢技术
|
|
| 作者: | 窦照英 编著 | |
| 分册: | ||
| 出版信息: | 北京 化学工业出版社 1999.04 |
|
| 页数: | 136页 | |
| 开本: | 32开 | |
| 丛书名: | ||
| 单 册: | ||
| 中图分类: | TU991.26 | |
| 科图分类: | ||
| 主题词: | 给水工程:市政工程 , 城市供水系统 | |
| 电子资源: | ||
| ISBN: | 7-5025-2467-3 | |
| 000 | 00576nam0 2200193 45 | |
| 001 | 0011251553 | |
| 005 | 20001125155722.7 | |
| 010 | @a7-5025-2467-3@d10.00元 | |
| 100 | @a20001125d1999 km y0chiy0120 ea | |
| 101 | 0 | @achi |
| 200 | 1 | @a实用无污染垢技术@AShi Yong Wu Wu Ran Gou Ji Shu@f窦照英等编著@FDou Zhao Ying Deng Bian Zhu |
| 210 | @a北京@c化学工业出版社@d1999.04 | |
| 215 | @a136页@d32开 | |
| 606 | 0 | @a给水工程:市政工程 |
| 606 | 0 | @a城市供水系统 |
| 690 | @aTU991.26@v3 | |
| 701 | 0 | @a窦照英@4编著 |
| 801 | @aCN@bPftUser@c20001125 | |
| 905 | @b504357-361@dTU991.26@eD931@f5 | |
| 实用无污染垢技术/窦照英等编著.-北京:化学工业出版社,1999.04 |
| 136页;32开 |
| ISBN 7-5025-2467-3:10.00元 |
| ● |
| 相关链接 |
|
|
|
正题名:实用无污染垢技术
索取号:TU991.26/D931
 
预约/预借
| 序号 | 登录号 | 条形码 | 馆藏地/架位号 | 状态 | 备注 |
| 1 | 504357 | 205043576 | 市政与环境工程学院资料室/ [索取号:TU991.26/D931] | 在馆 | |
| 2 | 504358 | 205043585 | 市政与环境工程学院资料室/ [索取号:TU991.26/D931] | 在馆 | |
| 3 | 504359 | 205043594 | 市政与环境工程学院资料室/ [索取号:TU991.26/D931] | 在馆 | |
| 4 | 504360 | 205043601 | 建筑库201/201建筑库 133排1列6层/ [索取号:TU991.26/D931] | 在馆 | |
| 5 | 504361 | 205043610 | 市政与环境工程学院资料室/ [索取号:TU991.26/D931] | 在馆 | |
| 6 | 63510 | 200635107 | 自科二线404/404自科库 18排5列4层/ [索取号:TU991.26/D931] | 在馆 | |
| 7 | 63511 | 200635116 | 建筑库201/201建筑库 133排1列6层/ [索取号:TU991.26/D931] | 在馆 | |
| 8 | 63512 | 200635125 | 自科二线404/404自科库 18排5列4层/ [索取号:TU991.26/D931] | 在馆 | |
| 9 | 63513 | 200635134 | 建筑库201/201建筑库 133排1列6层/ [索取号:TU991.26/D931] | 在馆 | |
| 10 | 63514 | 200635143 | 建筑库201/201建筑库 133排1列6层/ [索取号:TU991.26/D931] | 在馆 |